Economía de la educación /

Obra de aproximación a los temas básicos que conforman la economía de la educación, con énfasis en aspectos metodológicos. La autora inicia con una definición de los indicadores de capital humano que permiten comparar la situación de los países, y la relación de la educación y la formación con el cr...

Ausführliche Beschreibung

Gespeichert in:
Bibliographische Detailangaben
1. Verfasser: San Segundo, María de Jesús (autor)
Format: Buch
Sprache:Spanisch
Veröffentlicht: Madrid, España : Síntesis, 2001, c2001
Schriftenreihe:(Síntesis Educación. Teoría e Historia de la Educación ; 5)
Schlagworte:
Tags: Tag hinzufügen
Keine Tags, Fügen Sie das erste Tag hinzu!

MARC

LEADER 00000nam^a2200000^a^4500
001 000177719
005 20250521000000.0
009 20260310101725.138
020 |a 84-7738-908-X 
037 |a Acervo ITESO - Biblioteca 
041 |a ESP 
082 |a 371.  |b SAN 
100 |a San Segundo, María de Jesús  |e (autor) 
245 1 0 |a Economía de la educación /  |c M.J. San Segundo. 
264 4 |a Madrid, España :  |b Síntesis,  |c 2001, c2001 
300 |a 319 p. 
336 |a texto  |b txt  |2 rdacontenido 
337 |a sin mediación  |b n  |2 rdamedio 
338 |a volumen  |b nc  |2 rdasoporte 
440 1 |a (Síntesis Educación.  |p Teoría e Historia de la Educación ;  |v 5) 
520 |a Obra de aproximación a los temas básicos que conforman la economía de la educación, con énfasis en aspectos metodológicos. La autora inicia con una definición de los indicadores de capital humano que permiten comparar la situación de los países, y la relación de la educación y la formación con el crecimiento económico. Después, analiza los temas de demanda de educación, oferta educativa, intervención pública, y modelos educativos. 
649 |a XX 
650 |a Administración Educativa 
650 |a Educación -  |x Aspectos Económicos 
650 |a Personal Escolar 
650 |a Recursos Humanos 
650 |a Matrícula Escolar 
650 |a Demanda de Educación 
650 |a Calidad de la Educación 
650 |a Eficiencia Institucional 
650 |a Evaluación Educativa 
650 |a Política Educativa 
650 |a Financiamiento de la Educación 
650 |a Recursos Educacionales 
650 |a Educación y Desarrollo 
650 |a Educación 
910 |a Fondo General 
920 |a Impresos - Libros 
930 |a Colección General 
905 |a 101 
901 |a 0500116796  |b IT1  |c ACC  |u 20250521 
902 |a https://opac.biblio.iteso.mx/vufind/Record/000177719